Γυναίκες μετανάστριες και δια βίου εκπαίδευση : εκπαιδευτικές φιλοδοξίες στη χώρα τους και απαξίωση αυτών στη χώρα διαμονής. Η δια βίου εκπαίδευση (σεμινάρια εκμάθησης ελληνικής γλώσσας, προγράμματα κατάρτισης, μαθήματα σε ΚΕΕ, κλπ.) ως μέσο/τρόπος διεκδίκησης καλύτερης εργασίας - ζωής : διπλωματική εργασία
Αποθηκεύτηκε σε:
| Κύριος συγγραφέας: | |
|---|---|
| Συγγραφή απο Οργανισμό/Αρχή: | |
| Άλλοι συγγραφείς: | |
| Μορφή: | Thesis Βιβλίο |
| Γλώσσα: | Greek |
| Δημοσίευση: |
2009
|
| Θέματα: | |
| Διαθέσιμο Online: | http://hdl.handle.net/11610/14122 |
| Ετικέτες: |
Προσθήκη ετικέτας
Δεν υπάρχουν, Καταχωρήστε ετικέτα πρώτοι!
|
MARC
| LEADER | 00000cam a2200000 i 4500 | ||
|---|---|---|---|
| 001 | 1/5420 | ||
| 008 | 100308s2009 gre d | ||
| 035 | |l 10107155 | ||
| 040 | |a GR-MY-UA |b gre |e aacr | ||
| 041 | 0 | |a gre | |
| 082 | 0 | |a 305.488 |2 (22) | |
| 100 | 1 | |a Πανταζάκου, Χριστίνα. | |
| 245 | 1 | 0 | |a Γυναίκες μετανάστριες και δια βίου εκπαίδευση : |b εκπαιδευτικές φιλοδοξίες στη χώρα τους και απαξίωση αυτών στη χώρα διαμονής. Η δια βίου εκπαίδευση (σεμινάρια εκμάθησης ελληνικής γλώσσας, προγράμματα κατάρτισης, μαθήματα σε ΚΕΕ, κλπ.) ως μέσο/τρόπος διεκδίκησης καλύτερης εργασίας - ζωής : διπλωματική εργασία / |c Πανταζάκου Χριστίνα ; επιβλέπουσα: Μαράτου - Αλιπράντη Λάουρα |
| 260 | |c 2009 | ||
| 300 | |a 94 σ.; |b έγχρ. εικ.; |c 30 εκ. | ||
| 500 | |a Μέλη εξεταστικής επιτροπής: Μαρία Γκασούκα, Χαρά Καραγιαννοπούλου | ||
| 502 | |a Διατριβή (μεταπτυχιακή) – Πανεπιστήμιο Αιγαίου, Ρόδος, 2009. | ||
| 504 | |a Βιβλιογραφία: σ. 87-89 | ||
| 650 | 0 | 0 | |a Women immigrants |x Education. |
| 650 | 0 | 0 | |a Minority women. |
| 650 | 0 | 0 | |a Minorities |x Education. |
| 650 | 0 | 0 | |a Dissertations, Academic |z Greece. |
| 700 | 1 | |a Μαράτου-Αλιμπράντη, Λάουρα, |e dgsf [Επιβλέπουσα καθηγήτρια] | |
| 710 | 1 | |a Πανεπιστήμιο Αιγαίου |b Σχολή Ανθρωπιστικών Επιστημών |b Τμήμα Επιστημών της Προσχολικής Αγωγής και του Εκπαιδευτικού Σχεδιασμού |b Πρόγραμμα Μεταπτυχιακών Σπουδών Φύλο και Νέα Εκπαιδευτικά και Εργασιακά Περιβάλλοντα στην Κοινωνία της Πληροφορίας. | |
| 852 | |a INST |b RHODES |c DIATR |e 20100312 |h 305.488 ΠΑΝ |p 005400032479 |q 005400032479 |t MTXE |y 23 | ||
| 852 | |a INST |b RHODES |c DIATR |e 20100312 |h 305.488 ΠΑΝ |p 005400032480 |q 005400032480 |t MTXE |y 23 | ||
| 856 | |u http://hdl.handle.net/11610/14122 | ||
| 901 | |a BIBL4-2010-1 | ||
| 909 | |a Ρ |b 159688 | ||
| 909 | |a Ρ |b 159689 | ||
| 924 | |a ΠΑΖΑΝΤΑΚΟΥ |b ΧΡΙΣΤΙΝΑ |y ΡΟΔΟΣ |z 2009-10 | ||
| 970 | |a ΚΟΖΑ |b ΜΑΡΙΑ |z 2010/03/08 | ||